The tale of Tricky Fox / retold by Jim Aylesworth ... Read More
Available copies
- 2 of 2 copies available at LARL/NWRL Consortium.
Current holds
0 current holds with 2 total copies.
Show Only Available Copies
| Location | Call Number / Copy Notes | Barcode | Shelving Location | Status | Due Date |
|---|---|---|---|---|---|
| Godel Memorial-Warren Library | e AYL (Text) | 35500003219290 | Main | Available | - |
| Greenbush Public Library | e AYL (Text) | 35500003002423 | Main | Available | - |
Record details
- ISBN: 0439095433
- ISBN: 0439095441 (pbk.)
- Physical Description: [32] p. : b col. ill. ; c 28 cm.
- Publisher: New York : Scholastic Press, 2001.
Content descriptions
| Summary, etc.: | Tricky Fox uses his sack to trick everyone he ... Read More |
Search for related items by subject
| Subject: | Foxes > Juvenile fiction. |
| LDR | 01143cam a2200289Ia 4500 | ||
|---|---|---|---|
| 001 | 33094 | ||
| 003 | LARL_NWRL_CONSORTIUM | ||
| 005 | 20010207083355.0 | ||
| 008 | 000315s2001 nyu b 000 1 eng | ||
| 010 | . | ‡a00035773 | |
| 020 | . | ‡a0439095433 | |
| 020 | . | ‡a0439095441 (pbk.) | |
| 035 | . | ‡a(OCoLC)43684683 | |
| 040 | . | ‡aDLC ‡cDLC | |
| 082 | 0 | 0. | ‡a[E] ‡221 |
| 099 | . | ‡aA | |
| 100 | 1 | . | ‡aAylesworth, Jim. ‡0(LARL_NWRL_CONSORTIUM)59985 |
| 245 | 1 | 4. | ‡aThe tale of Tricky Fox / ‡cretold by Jim Aylesworth ; illustrated by Barbara McClintock. |
| 260 | . | ‡aNew York : ‡bScholastic Press, ‡c2001. | |
| 300 | . | ‡a[32] p. : b col. ill. ; c 28 cm. | |
| 520 | . | ‡aTricky Fox uses his sack to trick everyone he meets into giving him ever more valuable items. | |
| 650 | 0. | ‡aFoxes ‡vJuvenile fiction. ‡0(LARL_NWRL_CONSORTIUM)169361 | |
| 700 | 1 | . | ‡aMcClintock, Barbara. ‡0(LARL_NWRL_CONSORTIUM)63209 |
| 901 | . | ‡a33094 ‡bOCLC ‡c33094 ‡tbiblio | |

Add to basket
Permalink
Disable Highlighting